00457nam a2200133Ia 4500008004100000100002000041245002700061260001900088260000900107546001200116999001700128952008500145952009300230170619s9999 xx 000 0 und d aBronson Richard 0aDifferential Equations bNew Delhi: TMH c1994 aENGLISH c16392d16392 00102ddc4070a06b06d2002-02-18e1l0p06-B-2503r2017-07-03w2017-07-03y01 00102ddc4070a06b06d2002-02-18e1l0p06-B-2504r2017-07-03w2017-07-03y01zcm po